01099nam a2200301Ia 450000500170000000800410001702000180005810000250007624500750010125000380017630000480021449000450026253400320030765000560033965000560039565000380045165000370048970000320052670000260055894200150058426400490059933600270064833700330067533800280070804000350073608400110077199900150078220220317001321.0161108s2011 mx a g 000 0 spa  a97896816856451 aFalconer, Iand1959-10aOlivia recibe la navidadcIan Falconer ; traducción de Teresa Mlawer a1a. edición, b2a reimpresión a52 páginasbilustraciones en colorc29 cm aLos especiales de A la orilla del viento tOlivia helps with christmas142LEMBaCuentos infantiles estadounidenses ySiglo XX142LEMBaLiteratura infantil estadounidense ySiglo XX142LEMBaAventuras en la literatura 142LEMB aNavidad en la literatura 1 aFalconer, Iand1959-9191171 aMlawer, Teresa970611 2loccBKINF aMéxicobFondo de Cultura Económicac2011 atextobtxt2rdacontent asin mediaciónbn2rdamedia avolumenbnc2rdacarrier aCO-BoRNBPbspaerdacCO-BoRNBP aA FAL1 c6600d6600